Angažovanie Číny v strednej a východnej Európe regionálna diplomacia, ktorá sleduje čínske záujmy

Motivácia Čínskej ľudovej republiky pri spolupráci s krajinami strednej a východnej Európy (SVE). Partnerstvo Číny so SVE ako výsledok čínskej zahraničnej politiky voči iným regiónom. Čína sa stáva aktívnym hráčom vo formovaní zahraničných vzťahov na medzinárodnej úrovni.

Enregistré dans:
Détails bibliographiques
Auteur principal: Pleschová, Gabriela
Format: Chapitre de livre
Langue:slovaque
Sujets:
Tags: Ajouter un tag
Pas de tags, Soyez le premier à ajouter un tag!

MARC

LEADER 00000nla a2200000 4500
001 0213513
005 20240502073548.2
041 0 |a slo 
044 |a SK 
245 1 0 |a Angažovanie Číny v strednej a východnej Európe  |b regionálna diplomacia, ktorá sleduje čínske záujmy  |c Gabriela Pleschová 
520 |a Motivácia Čínskej ľudovej republiky pri spolupráci s krajinami strednej a východnej Európy (SVE). Partnerstvo Číny so SVE ako výsledok čínskej zahraničnej politiky voči iným regiónom. Čína sa stáva aktívnym hráčom vo formovaní zahraničných vzťahov na medzinárodnej úrovni. 
610 2 0 |a Čína 
610 2 0 |a SVE 
610 2 0 |a politika zahraničná 
610 2 0 |a vzťahy politické medzinárodné 
610 2 0 |a vzťahy zahraničné 
610 2 0 |a diplomacia hospodárska 
610 2 0 |a spolupráca medzinárodná 
100 1 |a Pleschová, Gabriela